Tvoje cesta jógy /
Tvoje cesta jógy vyrůstá ze čtyř pilířů. Tělo, mysl, dech a radost. Jsou jako čtyři opory, které tě ponesou, a když jeden z nich začne slábnout, druhý tě přijde podepřít. Stejně jako v životě se nikdy neopíráš jen o jednu jistotu. Někdy tě drží pevná zem pod nohama, jindy tě pozvedne lehkost dechu n...
Uloženo v:
| Hlavní autor: | |
|---|---|
| Médium: | E-kniha |
| Jazyk: | Czech |
| Vydáno: |
Praha :
Albatros Media a.s.,
2026
|
| Tagy: |
Žádné tagy |
| LEADER | 01421nam a22002297i 4500 | ||
|---|---|---|---|
| 001 | 312883 | ||
| 007 | ta | ||
| 008 | 260601s2026 xr ||||| |||| 00| 0 cze d | ||
| 020 | |a 9788074485947 | ||
| 044 | |a xr | ||
| 100 | 1 | |a Prýmková, Kateřina |4 aut | |
| 245 | 1 | 0 | |a Tvoje cesta jógy / |c Prýmková, Kateřina |
| 264 | 1 | |a Praha : |b Albatros Media a.s., |c 2026 | |
| 300 | |a 1 online zdroj (248 stran) | ||
| 336 | |a text |b txt |2 rdacontent | ||
| 337 | |a bez média |b n |2 rdamedia | ||
| 338 | |a online zdroj |b cr |2 rdacarrier | ||
| 520 | 2 | |a Tvoje cesta jógy vyrůstá ze čtyř pilířů. Tělo, mysl, dech a radost. Jsou jako čtyři opory, které tě ponesou, a když jeden z nich začne slábnout, druhý tě přijde podepřít. Stejně jako v životě se nikdy neopíráš jen o jednu jistotu. Někdy tě drží pevná zem pod nohama, jindy tě pozvedne lehkost dechu nebo jasnost mysli a jsou chvíle, kdy tě nese samotná radost. Celá kniha je pak provázaná sedmitýdenní praxí, která je jako nit vedoucí skrze všechny kapitoly. | |
| 910 | |a RBIT002 | ||
| 998 | |d 424054 |a https://core.palmknihy.cz/api/books/424054/cover?t9wm89 |b https://core.palmknihy.cz/api/books/424054/cover/400?t9wm89 |c https://core.palmknihy.cz/api/books/424054/cover/50?t9wm89 |e 2033-12-31 |g 248 |i 9788074485947 |k https://core.palmknihy.cz/api/books/424054/preview.pdf |l |q 49 |r 1 |s https://www.palmknihy.cz/kniha/424054 |t ebook |y 2026 |z 1 | ||
| 999 | |d 312881 | ||